[Event "5th Washington Int 2016"]
[Site "Rockville USA"]
[Date "2016.08.15"]
[Round "5.2"]
[White "Kiewra, Keaton F"]
[Black "Moradiabadi, Elshan"]
[Result "1/2-1/2"]
[WhiteTitle "IM"]
[BlackTitle "GM"]
[WhiteElo "2426"]
[BlackElo "2595"]
[WhiteFideId "2019280"]
[BlackFideId "12501255"]
[EventDate "2016.08.13"]

1. d4 d5 2. c4 e6 3. Nc3 Nf6 4. Nf3 Nbd7 5. Bg5 Be7 6. e3 O-O 7. Rc1 h6 8. Bh4
dxc4 9. Bxc4 a6 10. O-O b5 11. Be2 Bb7 12. Qc2 c5 13. dxc5 Nxc5 14. b4 Ncd7 15.
Qb3 Qb6 16. Rfd1 Rfd8 17. Rd4 Nf8 18. Rcd1 Ng6 19. Rxd8+ Rxd8 20. Rxd8+ Qxd8 21.
Bg3 Qf8 22. a3 Nh5 23. Bd3 Nxg3 24. hxg3 Qc8 25. Be4 Bxe4 26. Nxe4 Qc1+ 27. Kh2
Qc6 28. Qd3 Kf8 29. Qd4 Kg8 30. Qd3 Nf8 31. Ne5 Qc7 32. Qd4 Qc2 33. f3 Qc7 34.
Nc5 a5 35. f4 axb4 36. axb4 Bf6 37. Ncd3 Ng6 38. Qd7 Qxd7 39. Nxd7 Bc3 40. N7c5
Ne7 41. Na6 Nf5 42. Nc7 Nd6 43. e4 Nxe4 44. Nxb5 Bd2 45. Nd4 Be3 46. Nc6 Kf8 47.
g4 Ke8 48. g3 f6 49. Kg2 Nd2 50. Ne1 Kd7 51. Na5 g5 52. fxg5 hxg5 53. Nc2 Bb6
54. Na3 Bc7 55. N3c4 Ne4 56. b5 Nxg3 57. b6 Bb8 58. Kf3 Nf1 59. Kg2 Nh2 60. Ne3
Bf4 1/2-1/2

[Event "5th Washington Int 2016"]
[Site "Rockville USA"]
[Date "2016.08.15"]
[Round "5.3"]
[White "Sevian, Samuel"]
[Black "Checa, Nicolas D"]
[Result "1/2-1/2"]
[WhiteTitle "GM"]
[BlackTitle "FM"]
[WhiteElo "2600"]
[BlackElo "2405"]
[WhiteFideId "2040506"]
[BlackFideId "2069342"]
[EventDate "2016.08.13"]

1. e4 e6 2. d4 d5 3. Nd2 c5 4. exd5 Qxd5 5. Ngf3 cxd4 6. Bc4 Qd6 7. O-O Nf6 8.
Nb3 Nc6 9. Nbxd4 Nxd4 10. Nxd4 a6 11. Re1 Qc7 12. Bf1 Be7 13. Qf3 O-O 14. Bf4
Bd6 15. Bxd6 Qxd6 16. Rad1 Qb6 17. Qb3 Qxb3 18. axb3 Bd7 19. g3 Rfc8 20. Bg2 Rc7
21. b4 Kf8 22. c3 g6 23. f4 Rac8 24. Ra1 Ne8 25. Bf1 Nd6 26. Rad1 Ke7 27. g4 Rd8
28. Kf2 Bc8 29. Bg2 Kf6 30. Nb3 Ke7 31. Na5 Nc4 32. Rxd8 Kxd8 33. Nxc4 Rxc4 34.
Re4 Rc7 35. g5 Ke7 36. Re3 Rc4 37. Kg3 Rc7 38. Kf2 Rc4 39. Be4 f5 40. gxf6+ Kxf6
41. h4 b6 42. b3 Rc7 43. c4 a5 44. bxa5 bxa5 45. Rc3 e5 46. Ke3 Rc5 47. Rd3 a4
48. fxe5+ Kxe5 49. bxa4 Rxc4 50. Rd5+ Kf6 51. Rd6+ Ke5 52. Rd5+ Kf6 53. a5 Bf5
54. Rd4 Rc3+ 55. Rd3 Rc4 56. Rd4 Rc3+ 57. Rd3 Rc4 58. Bxf5 Kxf5 59. Rd4 Rc3+ 60.
Rd3 Rc4 61. Rd5+ Ke6 62. Rd4 Rc3+ 63. Rd3 Rxd3+ 64. Kxd3 Kd5 65. a6 Kc6 66. Ke4
h6 67. Ke5 Kb6 68. Kf6 g5 69. hxg5 hxg5 70. Kxg5 Kxa6 1/2-1/2

[Event "5th Washington Int 2016"]
[Site "Rockville USA"]
[Date "2016.08.15"]
[Round "5.4"]
[White "Balakrishnan, Praveen"]
[Black "Yang, Darwin"]
[Result "1-0"]
[WhiteTitle "FM"]
[BlackTitle "IM"]
[WhiteElo "2394"]
[BlackElo "2488"]
[WhiteFideId "2064871"]
[BlackFideId "2029111"]
[EventDate "2016.08.13"]

1. e4 e6 2. d4 d5 3. Nc3 dxe4 4. Nxe4 Nd7 5. Nf3 Ngf6 6. Bd3 c5 7. O-O Nxe4 8.
Bxe4 Nf6 9. Bg5 Be7 10. Bxf6 gxf6 11. c3 O-O 12. Qe2 f5 13. Bc2 cxd4 14. cxd4
Bf6 15. Rad1 Qd6 16. Ne5 b6 17. Rd3 Bg7 18. Qh5 Ba6 19. Rh3 h6 20. Rd1 Rac8 21.
Rg3 Rc7 22. Qxh6 f6 23. Bb3 Bc8 24. f4 fxe5 25. fxe5 Qe7 26. d5 Qc5+ 27. Kh1 Ba6
28. Qxe6+ Rcf7 29. d6 f4 30. Rh3 1-0

[Event "5th Washington Int 2016"]
[Site "Rockville USA"]
[Date "2016.08.15"]
[Round "5.5"]
[White "Mulyar, Michael A."]
[Black "Bregadze, Levan"]
[Result "1/2-1/2"]
[WhiteTitle "IM"]
[BlackTitle "IM"]
[WhiteElo "2388"]
[BlackElo "2465"]
[WhiteFideId "2008742"]
[BlackFideId "13603264"]
[EventDate "2016.08.13"]

1. d4 b6 2. e4 Bb7 3. Bd3 e6 4. Nf3 Ne7 5. O-O d6 6. a4 a6 7. Be3 Nd7 8. c4 g6
9. a5 Bg7 10. axb6 cxb6 11. Nc3 O-O 12. d5 exd5 13. exd5 b5 14. cxb5 axb5 15.
Rxa8 Qxa8 16. Nxb5 Nxd5 17. Nxd6 Nxe3 18. fxe3 Bxf3 19. Qxf3 Qxf3 20. gxf3 Bxb2
21. Bb5 Ne5 22. Ne8 Nc4 1/2-1/2

[Event "5th Washington Int 2016"]
[Site "Rockville USA"]
[Date "2016.08.15"]
[Round "5.7"]
[White "Shen, Arthur"]
[Black "Smirin, Ilia"]
[Result "0-1"]
[WhiteTitle "IM"]
[BlackTitle "GM"]
[WhiteElo "2401"]
[BlackElo "2687"]
[WhiteFideId "2030535"]
[BlackFideId "2801990"]
[EventDate "2016.08.13"]

1. e4 c5 2. Nf3 e6 3. d4 cxd4 4. Nxd4 a6 5. Nc3 Qc7 6. Bd3 Bc5 7. Nb3 Be7 8. O-O
d6 9. f4 Nc6 10. Qg4 g6 11. Bd2 b5 12. a3 b4 13. Nd1 bxa3 14. bxa3 Nf6 15. Qe2
O-O 16. Ne3 a5 17. Bc3 Bb7 18. Nd2 Nb8 19. Bb2 Nbd7 20. Kh1 Nc5 21. e5 dxe5 22.
fxe5 Nd5 23. Ng4 h5 24. Nf6+ Bxf6 25. exf6 Nxd3 26. cxd3 Qc2 27. Be5 Rac8 28.
Rf3 Rfd8 29. Qe1 Ba6 30. Nc4 Bxc4 31. dxc4 Rxc4 32. Qxa5 Rdc8 33. h3 Re4 34. Re1
Re2 35. Rg3 Qe4 36. Rxe2 Qxe2 37. Bd4 Rc1+ 38. Bg1 Qf2 0-1

[Event "5th Washington Int 2016"]
[Site "Rockville USA"]
[Date "2016.08.15"]
[Round "5.8"]
[White "Holt, Conrad"]
[Black "Sheng, Joshua"]
[Result "1/2-1/2"]
[WhiteTitle "GM"]
[BlackTitle "FM"]
[WhiteElo "2541"]
[BlackElo "2394"]
[WhiteFideId "2034387"]
[BlackFideId "2057360"]
[EventDate "2016.08.13"]

1. d4 d5 2. c4 e6 3. Nc3 c6 4. Nf3 Nf6 5. Bg5 dxc4 6. e4 b5 7. e5 h6 8. Bh4 g5
9. Nxg5 hxg5 10. Bxg5 Nbd7 11. exf6 Bb7 12. g3 c5 13. d5 Qb6 14. Bg2 O-O-O 15.
O-O b4 16. Rb1 Qa6 17. dxe6 Bxg2 18. e7 Bxf1 19. Kxf1 Bxe7 20. fxe7 Rdg8 21. Ne4
Rxg5 22. Nxg5 Re8 23. Qd5 Rxe7 24. Kg1 f6 25. Ne4 Kc7 26. Nd2 Qxa2 27. Rd1 Re5
28. Qxc4 Qxc4 29. Nxc4 Re8 30. h4 Nb6 31. Nd6 Rf8 32. g4 Kc6 33. h5 Nd7 34. Nc4
Rg8 35. f3 f5 36. Rd6+ Kc7 37. Rg6 Rxg6 38. hxg6 fxg4 39. fxg4 Kd8 40. g7 Nf6
41. Nd6 Ke7 42. Ne4 Ng8 43. Nxc5 Kf7 44. Kf2 Kxg7 45. Na6 b3 46. Kf3 Nf6 47. Nc5
Kg6 48. Kf4 Nd5+ 49. Ke4 Nb6 50. Nxb3 1/2-1/2

[Event "5th Washington Int 2016"]
[Site "Rockville USA"]
[Date "2016.08.15"]
[Round "5.9"]
[White "Song, Michael"]
[Black "Friedel, Joshua E"]
[Result "1-0"]
[WhiteTitle "FM"]
[BlackTitle "GM"]
[WhiteElo "2373"]
[BlackElo "2523"]
[WhiteFideId "2613190"]
[BlackFideId "2017199"]
[EventDate "2016.08.13"]

1. d4 Nf6 2. c4 e6 3. Nc3 Bb4 4. e3 O-O 5. Bd3 d5 6. a3 Bxc3+ 7. bxc3 dxc4 8.
Bxc4 c5 9. Bb2 Qc7 10. Bd3 b6 11. Qe2 Bb7 12. Nf3 Nbd7 13. e4 Nh5 14. g3 Nhf6
15. Nd2 Rfd8 16. f3 Nb8 17. f4 Qc8 18. O-O Ba6 19. c4 cxd4 20. e5 Nfd7 21. Ne4
Nc5 22. Nxc5 Qxc5 23. f5 Nc6 24. fxe6 Nxe5 25. Bxh7+ Kf8 26. Qh5 f6 27. a4 d3+
28. Rf2 d2 29. Bxe5 d1=Q+ 30. Rxd1 Rxd1+ 31. Qxd1 Qxe5 32. Qd7 1-0

[Event "5th Washington Int 2016"]
[Site "Rockville USA"]
[Date "2016.08.15"]
[Round "6.2"]
[White "Moradiabadi, Elshan"]
[Black "Balakrishnan, Praveen"]
[Result "1/2-1/2"]
[WhiteTitle "GM"]
[BlackTitle "FM"]
[WhiteElo "2595"]
[BlackElo "2394"]
[WhiteFideId "12501255"]
[BlackFideId "2064871"]
[EventDate "2016.08.13"]

1. d4 Nf6 2. c4 g6 3. Nc3 d5 4. Bg5 Ne4 5. Bh4 Nxc3 6. bxc3 dxc4 7. e3 Be6 8.
Nh3 Bh6 9. Be2 O-O 10. Bf3 c6 11. Rb1 b5 12. O-O Bf5 13. Rxb5 cxb5 14. Bxa8 Nd7
15. Bc6 Nf6 16. Bxf6 exf6 17. Bxb5 Bd3 18. Qa4 Bxf1 19. Kxf1 Qc7 20. Ng1 Rb8 21.
Nf3 Bf8 22. Qxc4 Qxc4+ 23. Bxc4 Rc8 24. Nd2 Ba3 25. Ke2 Bc1 26. Bd5 Rxc3 27. Ne4
Rc8 28. Bxf7+ Kg7 29. Be6 Re8 30. Bd5 Ba3 31. Kd3 Rc8 32. Bc4 Bb4 33. f3 f5 34.
Nf2 Bd6 35. h3 Rd8 36. Nd1 Kf6 37. Nc3 Kg5 38. Ne2 h5 39. e4 Bc7 40. Ke3 f4+ 41.
Kd3 Kf6 42. Nc3 Kg5 43. Nd5 Bb6 44. e5 Kh4 45. e6 Rxd5 46. Bxd5 Bd8 47. Be4 Kg5
48. d5 Kf6 49. Kc4 g5 50. Kc5 Ke7 51. Kc6 Ba5 52. h4 gxh4 53. a3 Bc3 54. d6+
Kxe6 55. Bd5+ Ke5 56. Bf7 Ba5 57. Bxh5 Bb6 58. Bg4 Ba5 59. d7 Bb6 60. a4 Kf6 61.
Kd5 Ke7 62. Ke5 Bc7+ 63. Ke4 Kf6 64. Kd3 Bb6 65. Kc4 Ke7 66. Kb5 Bf2 67. a5 Kd8
68. Kc6 Be1 69. a6 Bg3 1/2-1/2

[Event "5th Washington Int 2016"]
[Site "Rockville USA"]
[Date "2016.08.15"]
[Round "6.4"]
[White "Smirin, Ilia"]
[Black "Mulyar, Michael A."]
[Result "1-0"]
[WhiteTitle "GM"]
[BlackTitle "IM"]
[WhiteElo "2687"]
[BlackElo "2388"]
[WhiteFideId "2801990"]
[BlackFideId "2008742"]
[EventDate "2016.08.13"]

1. Nf3 d5 2. g3 Nf6 3. Bg2 c6 4. O-O Bg4 5. d3 Nbd7 6. h3 Bh5 7. Qe1 e5 8. e4
dxe4 9. dxe4 Bxf3 10. Bxf3 Bc5 11. a4 a5 12. Nd2 O-O 13. Nc4 Qc7 14. Bd2 b6 15.
Qe2 Rfe8 16. Bg2 Nf8 17. Rfd1 Ne6 18. c3 Rad8 19. h4 Bf8 20. Be3 Rxd1+ 21. Rxd1
Nc5 22. Bg5 Be7 23. Qc2 h6 24. Bc1 Rd8 25. Rxd8+ Bxd8 26. Be3 Nfd7 27. Qd1 Be7
28. Bh3 Nf6 29. b4 axb4 30. cxb4 Ncd7 31. Bxd7 Nxd7 32. a5 b5 33. Nb6 Nb8 34.
Bc5 Na6 35. Bxe7 Qxe7 36. Qd7 Qxb4 37. Qe8+ Kh7 38. Qxf7 Qxa5 39. Nd7 Qd8 40. h5
Nb8 41. Nxe5 b4 42. Kg2 c5 43. Qf5+ Kg8 44. Qe6+ Kh7 45. Nf7 Qf8 46. Qg6+ Kg8
47. Nxh6+ Kh8 48. Nf7+ Kg8 49. h6 1-0

[Event "5th Washington Int 2016"]
[Site "Rockville USA"]
[Date "2016.08.15"]
[Round "6.5"]
[White "Bodek, Michael H"]
[Black "Sevian, Samuel"]
[Result "0-1"]
[WhiteTitle "IM"]
[BlackTitle "GM"]
[WhiteElo "2386"]
[BlackElo "2600"]
[WhiteFideId "2043858"]
[BlackFideId "2040506"]
[EventDate "2016.08.13"]

1. e4 e5 2. Nf3 Nc6 3. Bc4 Bc5 4. c3 Nf6 5. d3 O-O 6. O-O d6 7. Bb3 a6 8. Nbd2
h6 9. h3 Re8 10. Re1 Be6 11. Nf1 d5 12. Ng3 dxe4 13. dxe4 Qxd1 14. Rxd1 Bxb3 15.
axb3 a5 16. Re1 Rad8 17. Bd2 Nd7 18. Rec1 Bb6 19. b4 axb4 20. cxb4 Nf8 21. Bc3
f6 22. Nd2 Nd4 23. Rab1 Nb5 24. Nc4 Rd3 25. Nxb6 cxb6 26. Nf5 Ne6 27. Kf1 Kh7
28. h4 Red8 29. Ne3 Nd6 30. Nd5 Nxe4 31. Nxb6 Rd2 32. Bxd2 Nxd2+ 33. Ke2 Nf4+ 0-1

[Event "5th Washington Int 2016"]
[Site "Rockville USA"]
[Date "2016.08.15"]
[Round "6.6"]
[White "Bregadze, Levan"]
[Black "Song, Michael"]
[Result "1-0"]
[WhiteTitle "IM"]
[BlackTitle "FM"]
[WhiteElo "2465"]
[BlackElo "2373"]
[WhiteFideId "13603264"]
[BlackFideId "2613190"]
[EventDate "2016.08.13"]

1. Nf3 c5 2. e4 e6 3. Nc3 Nc6 4. Bb5 Nge7 5. O-O a6 6. Be2 d5 7. exd5 Nxd5 8.
Nxd5 Qxd5 9. b3 Be7 10. Bb2 Bf6 11. Bxf6 gxf6 12. c3 Rg8 13. d4 cxd4 14. cxd4 b5
15. Rc1 Bb7 16. Rc5 Qd6 17. g3 Rd8 18. Qc2 Rg4 19. Qxh7 Nxd4 20. Nxd4 Rxd4 21.
Bh5 Rd7 22. Rc3 e5 23. Qg7 Qd5 24. Bf3 Qxf3 25. Rxf3 Bxf3 26. Qxf6 e4 27. Qxa6
R7d5 28. Qa8+ Ke7 29. Qa3+ Kf6 30. Qb2 Ke6 31. b4 Rd1 32. Qb3 Kf5 33. a4 bxa4
34. Qxa4 Rxf1+ 35. Kxf1 Rd1+ 36. Qxd1 Bxd1 37. Ke1 Ba4 38. Kd2 Kg4 39. Ke3 f5
40. h4 Bc6 41. Kd4 f4 42. b5 Ba8 43. gxf4 Kxf4 44. h5 Kg5 45. Ke5 Kxh5 46. Kf5
Kh4 47. Kf4 Bb7 48. Ke3 Kg4 49. Kd4 1-0

[Event "5th Washington Int 2016"]
[Site "Rockville USA"]
[Date "2016.08.15"]
[Round "6.7"]
[White "Checa, Nicolas D"]
[Black "Boros, Denes"]
[Result "1/2-1/2"]
[WhiteTitle "FM"]
[BlackTitle "GM"]
[WhiteElo "2405"]
[BlackElo "2441"]
[WhiteFideId "2069342"]
[BlackFideId "722340"]
[EventDate "2016.08.13"]

1. d4 e6 2. c4 f5 3. Nf3 Nf6 4. Nc3 Bb4 5. Qb3 Qe7 6. Bg5 a5 7. a3 Bxc3+ 8. Qxc3
h6 9. Bxf6 Qxf6 10. Qc2 d6 11. e4 Nc6 12. O-O-O e5 13. dxe5 dxe5 14. exf5 Bxf5
15. Bd3 O-O 16. Bxf5 Qxf5 17. Qxf5 Rxf5 18. Rhe1 Raf8 19. Re4 Rf4 20. Rde1 g5
21. h3 Kg7 22. Kd2 Kf6 23. Kc3 h5 24. R4e3 Kg6 25. Re4 Kf5 26. R4e2 Kg6 27. Re4
Kf5 28. R4e2 Kg6 29. Re4 1/2-1/2

[Event "5th Washington Int 2016"]
[Site "Rockville USA"]
[Date "2016.08.15"]
[Round "6.9"]
[White "Arun Prasad, S."]
[Black "Sorkin, Igor"]
[Result "1/2-1/2"]
[WhiteTitle "GM"]
[BlackTitle "FM"]
[WhiteElo "2491"]
[BlackElo "2392"]
[WhiteFideId "5011167"]
[BlackFideId "2803283"]
[EventDate "2016.08.13"]

1. d4 d6 2. Nf3 g6 3. c4 Bg7 4. Nc3 Nf6 5. e4 O-O 6. Be2 e5 7. O-O exd4 8. Nxd4
Re8 9. f3 Nc6 10. Be3 Nh5 11. Qd2 Nf4 12. Rfd1 Bxd4 13. Bxd4 Nxe2+ 14. Nxe2 Nxd4
15. Qxd4 b6 16. Nc3 Bb7 17. Nd5 Bxd5 18. cxd5 Qg5 19. Rac1 Re7 20. Qd2 Qxd2 21.
Rxd2 a5 22. Rdc2 Ra7 23. b3 f5 24. exf5 gxf5 25. Kf2 Kf7 26. f4 a4 27. b4 a3 28.
Re2 b5 29. Rxe7+ Kxe7 30. Ke3 Kd7 31. Kd4 h5 32. Rc3 Ra4 33. Rb3 h4 34. g3 hxg3
35. hxg3 Ra8 36. Re3 Ra4 37. Rb3 1/2-1/2

[Event "5th Washington Int 2016"]
[Site "Rockville USA"]
[Date "2016.08.16"]
[Round "7.2"]
[White "Sevian, Samuel"]
[Black "Balakrishnan, Praveen"]
[Result "1/2-1/2"]
[WhiteTitle "GM"]
[BlackTitle "FM"]
[WhiteElo "2600"]
[BlackElo "2394"]
[WhiteFideId "2040506"]
[BlackFideId "2064871"]
[EventDate "2016.08.13"]

1. e4 c5 2. Nf3 d6 3. d4 cxd4 4. Nxd4 Nf6 5. Nc3 a6 6. Bc4 e6 7. O-O b5 8. Bb3
Be7 9. Qf3 Qb6 10. Be3 Qb7 11. Qg3 O-O 12. Bh6 Ne8 13. Rad1 Bf6 14. Be3 b4 15.
Na4 Nc6 16. Nxc6 Qxc6 17. f3 a5 18. c4 bxc3 19. Rc1 Ba6 20. Rfd1 Bc4 21. Bxc4
Qxa4 22. b3 Qxa2 23. Qf2 Qxf2+ 24. Kxf2 a4 25. Bd4 axb3 26. Bxb3 Bxd4+ 27. Rxd4
Rc8 28. Ba4 Nf6 29. Rxd6 Rc5 30. Rc6 Rc8 31. Rxc5 Rxc5 32. Ke3 Kf8 1/2-1/2

[Event "5th Washington Int 2016"]
[Site "Rockville USA"]
[Date "2016.08.16"]
[Round "7.3"]
[White "Song, Michael"]
[Black "Moradiabadi, Elshan"]
[Result "0-1"]
[WhiteTitle "FM"]
[BlackTitle "GM"]
[WhiteElo "2373"]
[BlackElo "2595"]
[WhiteFideId "2613190"]
[BlackFideId "12501255"]
[EventDate "2016.08.13"]

1. d4 Nf6 2. c4 e6 3. Nc3 Bb4 4. e3 O-O 5. Bd3 d5 6. a3 Bxc3+ 7. bxc3 dxc4 8.
Bxc4 c5 9. Bb2 Qa5 10. Nf3 cxd4 11. exd4 b6 12. O-O Ba6 13. Bd3 Bxd3 14. Qxd3
Nbd7 15. a4 Rfc8 16. Rfe1 Qd5 17. Nd2 Rab8 18. c4 Qc6 19. Re3 Nf8 20. f4 a6 21.
Rg3 Nh5 22. d5 exd5 23. Rg5 dxc4 24. Qc3 f6 25. Rxh5 b5 26. axb5 axb5 27. Rg5
Kh8 28. Ne4 b4 29. Qd4 Ne6 30. Qxf6 c3 31. Nd6 Nxg5 32. Qe7 cxb2 33. Re1 Rd8 34.
Nf5 Nf3+ 35. Kf2 Qc2+ 0-1

[Event "5th Washington Int 2016"]
[Site "Rockville USA"]
[Date "2016.08.16"]
[Round "7.4"]
[White "Holt, Conrad"]
[Black "Checa, Nicolas D"]
[Result "1-0"]
[WhiteTitle "GM"]
[BlackTitle "FM"]
[WhiteElo "2541"]
[BlackElo "2405"]
[WhiteFideId "2034387"]
[BlackFideId "2069342"]
[EventDate "2016.08.13"]

1. d4 d5 2. c4 c6 3. Nf3 Nf6 4. Nc3 a6 5. e3 Bf5 6. cxd5 cxd5 7. Ne5 Nc6 8. Qa4
Bd7 9. Qb3 Na5 10. Qd1 e6 11. Bd3 Rc8 12. O-O Bb4 13. Bd2 O-O 14. a3 Bxc3 15.
Bxc3 Bb5 16. Bxb5 axb5 17. Bb4 Re8 18. Qd3 Qb6 19. Bc5 Qa6 20. a4 bxa4 21. Qxa6
bxa6 22. b4 Nc6 23. Nxc6 Rxc6 24. Rxa4 Nd7 25. Rfa1 Nb8 26. f3 Rd8 27. Kf2 h6
28. e4 Rd7 29. Ke3 Kh7 30. Kd3 Rcc7 31. R1a2 Rb7 32. Rc2 Rb5 33. e5 Rc7 34. Rc3
Rcb7 35. Bd6 R7b6 36. Rc7 Kg6 37. Ra5 Rxa5 38. bxa5 Rb3+ 39. Kc2 Rb5 40. Rc8 Nd7
41. Rd8 Rxa5 42. Rxd7 Ra2+ 43. Kd3 Rxg2 44. h4 Rh2 45. Be7 h5 46. Rb7 a5 47. Ra7
Ra2 48. Bf8 Rh2 49. Rxa5 Rxh4 50. Ra1 Rf4 1-0

[Event "5th Washington Int 2016"]
[Site "Rockville USA"]
[Date "2016.08.16"]
[Round "7.5"]
[White "Boros, Denes"]
[Black "Preotu, Razvan"]
[Result "1/2-1/2"]
[WhiteTitle "GM"]
[BlackTitle "IM"]
[WhiteElo "2441"]
[BlackElo "2469"]
[WhiteFideId "722340"]
[BlackFideId "2613280"]
[EventDate "2016.08.13"]

1. d4 Nf6 2. Bg5 d5 3. Nd2 c5 4. dxc5 Qa5 5. Bxf6 gxf6 6. Nf3 Qxc5 7. e3 e6 8.
c4 Bg7 9. Rc1 O-O 10. a3 dxc4 11. Nxc4 Qe7 12. Bd3 Nd7 13. b4 f5 14. O-O Nf6 15.
Nd4 Rd8 16. Qc2 Bd7 17. Na5 Rac8 18. Qb1 Be8 19. Rxc8 Rxc8 20. Rc1 Rd8 21. g3
Ng4 22. Nf3 b6 23. Nb3 Ne5 24. Be2 Nxf3+ 25. Bxf3 Ba4 26. Bc6 Bxc6 27. Rxc6 Qd7
28. b5 Qd5 29. a4 Qf3 30. Rc1 h5 31. Qc2 h4 32. Nd2 Qd5 33. Nf1 h3 34. Qc6 Be5
35. f4 Qxc6 36. Rxc6 Bd6 37. Kf2 Kg7 38. Ke2 f6 39. Nd2 e5 40. Nc4 Bb8 41. Nd2
e4 42. Rc3 Bd6 43. Nb3 Kg6 44. Nd4 Rd7 45. Nc6 Bf8 46. Nb8 Bb4 47. Nxd7 Bxc3 48.
Nb8 Kf7 49. Nc6 Ke6 50. Nxa7 Kd7 51. Nc6 Kd6 52. Kd1 Kd7 53. Nb8+ Kc7 54. Nc6
Kd7 55. Ke2 Kd6 56. Nd8 Ke7 57. Nc6+ Kd6 58. Nd4 Bxd4 59. exd4 Kd5 60. Kd2 Kc4
61. Ke3 Kb4 62. d5 Kc5 63. d6 Kxd6 64. Kd4 e3 65. Kxe3 Kc5 66. Kf3 Kb4 67. g4
fxg4+ 68. Kxg4 Kxa4 69. Kxh3 Kxb5 70. Kg4 Kc6 71. Kf5 b5 72. h4 Kd5 73. h5 b4
74. h6 b3 75. h7 b2 76. h8=Q b1=Q+ 77. Kg4 Qd1+ 78. Kg3 Qe1+ 1/2-1/2

[Event "5th Washington Int 2016"]
[Site "Rockville USA"]
[Date "2016.08.16"]
[Round "7.6"]
[White "Ashwin, Jayaram"]
[Black "Sheng, Joshua"]
[Result "1/2-1/2"]
[WhiteTitle "GM"]
[BlackTitle "FM"]
[WhiteElo "2465"]
[BlackElo "2394"]
[WhiteFideId "5018137"]
[BlackFideId "2057360"]
[EventDate "2016.08.13"]

1. d4 d5 2. Nf3 Nf6 3. Bf4 c5 4. e3 Nc6 5. Nbd2 Bf5 6. c3 e6 7. Qb3 Qc8 8. Nh4
Bg6 9. Nxg6 hxg6 10. h3 Be7 11. Be2 a6 12. O-O O-O 13. dxc5 Nd7 14. Rfd1 Nxc5
15. Qc2 b5 16. e4 d4 17. Nb3 dxc3 18. Nxc5 cxb2 19. Rab1 Nd8 20. Be3 Nb7 21.
Qxb2 Nxc5 22. Rdc1 Ra7 23. Rc2 Rc7 24. Rbc1 Rd8 25. Qb4 Rdd7 26. Bxc5 Rc6 27.
Bf3 Rdc7 28. Bxe7 Rxc2 29. Rxc2 Rxc2 30. a3 Qc7 31. Bd6 a5 32. Qd4 Qc3 33. Qxc3
Rxc3 34. Kf1 b4 35. axb4 a4 36. Be5 Rb3 37. Ke2 f6 38. Ba1 Rxb4 39. Kd2 Rb1 40.
Bc3 a3 41. Be2 a2 42. Bc4 a1=Q 43. Bxe6+ Kf8 44. Bxa1 Rxa1 45. h4 Ke7 46. Bg8
Kd6 47. Bf7 g5 48. hxg5 fxg5 49. Ke2 Ra3 50. Bg6 Ke5 51. Bf5 Kf4 52. g3+ Ke5 53.
Kd2 Kd4 54. Ke2 Rb3 55. Bh7 Ra3 1/2-1/2

[Event "5th Washington Int 2016"]
[Site "Rockville USA"]
[Date "2016.08.16"]
[Round "7.7"]
[White "Kavutskiy, Konstantin"]
[Black "Friedel, Joshua E"]
[Result "1/2-1/2"]
[WhiteTitle "FM"]
[BlackTitle "GM"]
[WhiteElo "2364"]
[BlackElo "2523"]
[WhiteFideId "2026384"]
[BlackFideId "2017199"]
[EventDate "2016.08.13"]

1. d4 Nf6 2. c4 e6 3. Nf3 b6 4. g3 Bb7 5. Bg2 Be7 6. O-O O-O 7. Re1 Na6 8. Nc3
Ne4 9. Bf4 Nxc3 10. bxc3 Be4 11. Nd2 Bxg2 12. Kxg2 Nb8 13. e4 d6 14. Qe2 Bg5 15.
Be3 Bxe3 16. Qxe3 Nc6 17. Qd3 Qd7 18. Nf1 f5 19. f4 fxe4 20. Rxe4 Na5 21. Nd2 d5
22. cxd5 exd5 23. Re2 Rae8 24. Rae1 Rxe2+ 25. Rxe2 Re8 26. Re5 Nc6 27. Rxe8+
Qxe8 28. Nf3 h6 29. Ne5 Qe6 30. Qb5 Nxe5 31. fxe5 c5 32. Qa6 Qg4 33. Qd3 c4 34.
Qf3 Qe6 35. Qd1 b5 36. a4 bxa4 37. Qxa4 Qg4 38. Qc6 Qe2+ 1/2-1/2

[Event "5th Washington Int 2016"]
[Site "Rockville USA"]
[Date "2016.08.16"]
[Round "7.8"]
[White "Morrison, William"]
[Black "Arun Prasad, S."]
[Result "0-1"]
[WhiteTitle "FM"]
[BlackTitle "GM"]
[WhiteElo "2341"]
[BlackElo "2491"]
[WhiteFideId "2009315"]
[BlackFideId "5011167"]
[EventDate "2016.08.13"]

1. e4 c5 2. Nf3 d6 3. c3 Nf6 4. Be2 Bd7 5. d3 g6 6. Nbd2 Bg7 7. O-O Nc6 8. d4
cxd4 9. cxd4 Rc8 10. d5 Nb4 11. a3 Na6 12. Bxa6 bxa6 13. Re1 O-O 14. Nb3 Ba4 15.
Qd3 Nd7 16. Nbd4 Nc5 17. Qe2 Qd7 18. Bg5 e5 19. dxe6 fxe6 20. b4 Nb3 21. Nxb3
Bxb3 22. Rab1 Ba4 23. Rec1 Bb5 24. Qe3 Qb7 25. Bh6 Bxh6 26. Qxh6 Bd3 27. Rxc8
Rxc8 28. Re1 Bxe4 29. Ng5 Bf5 30. h3 e5 31. Rd1 Rc6 32. g4 Bc2 33. Rc1 Qe7 34.
Re1 Rc4 35. Nf3 Qf8 36. Qe3 Qf4 37. Qe2 Ba4 38. Qa2 Qf7 39. Qe2 Bc6 40. Ng5 Qd5
41. f3 Qd4+ 42. Kg2 Rc3 43. Ne4 Bxe4 44. Qxe4 Qxe4 45. fxe4 Kf7 46. h4 Ke7 47.
g5 Ke6 0-1

[Event "5th Washington Int 2016"]
[Site "Rockville USA"]
[Date "2016.08.16"]
[Round "8.2"]
[White "Smirin, Ilia"]
[Black "Kiewra, Keaton F"]
[Result "1/2-1/2"]
[WhiteTitle "GM"]
[BlackTitle "IM"]
[WhiteElo "2687"]
[BlackElo "2426"]
[WhiteFideId "2801990"]
[BlackFideId "2019280"]
[EventDate "2016.08.13"]

1. c4 e6 2. g3 d5 3. Bg2 Nf6 4. Nf3 Be7 5. O-O c5 6. d4 Nc6 7. cxd5 exd5 8. Nc3
O-O 9. Bg5 Be6 10. dxc5 Bxc5 11. Bxf6 Qxf6 12. Nxd5 Qxb2 13. Nc7 Rad8 14. Qc1
Qxc1 15. Raxc1 Bb6 16. Nxe6 fxe6 17. Rc4 h6 18. h4 Kf7 19. Rb1 Rd5 20. e3 Ra5
21. a4 Rd8 22. Re4 Rad5 23. Bf1 Rd1 24. Rb5 R8d5 25. Kg2 Rxb5 26. axb5 Nd8 27.
Ne5+ Kf6 28. Ng4+ Ke7 29. f4 Ra1 30. Ne5 a5 31. bxa6 bxa6 32. Rc4 a5 33. Rc8 Nf7
34. Nc4 Bd8 35. Ra8 g5 36. Bd3 gxh4 37. gxh4 Bc7 38. Ra7 Kd8 39. Kf3 Nd6 40.
Ra8+ Ke7 41. Ne5 Nf5 42. Ra7 Kd8 43. Nc6+ Kd7 44. Ne5+ Kd8 45. Nf7+ Kd7 46. Bxf5
exf5 47. Nxh6 Kc6 48. Nxf5 a4 49. h5 Kb6 50. Ra8 Kb7 51. Rg8 a3 52. Rg2 Ba5 53.
h6 Bc3 54. Ke4 Bb2 55. Nd6+ Kc6 56. Nc4 Rh1 57. Rg6+ Kc5 58. Nxa3 Bxa3 59. f5
Bc1 60. Rg7 Kd6 61. h7 Bb2 62. Rf7 Rh4+ 63. Kf3 Be5 64. Ra7 Rh3+ 65. Kg4 Rg3+
66. Kh4 Rg1 67. Ra6+ Kd5 68. Ra5+ Kd6 69. e4 Bc3 70. Ra3 Bh8 71. Kh5 Rh1+ 72.
Kg6 Rg1+ 73. Kh5 Be5 74. Ra5 Bf6 1/2-1/2